Estadísticas para Rosco de Pasapalabra #96

Haz click aquí para intentar la prueba.

Estadísticas generales

  • Esta prueba ha sido intentada 63 veces
  • La puntuación promedio es 11 de 25

Estadísticas de respuestas

InicialDefiniciónRespuesta% Correcto
CIr algo hacia abajo por efecto del propio pesoCaer
96%
GPlanta de tallo alto, terminado en una gran flor amarilla y cuyas semillas son unas pipas comestiblesGirasol
87%
ATiempo que puede funcionar un automóvil o distancia que puede recorrer sin necesidad de reponer combustibleAutonomía
82%
MQueso de procedencia italiana, hecho con leche de búfala o de vaca, que suele usarse en las pizzasMozzarella
75%
VJuego electrónico que se visualiza en una pantallaVideojuego
65%
SVoz inglesa que designa el calzoncillo ajustado que cubre desde debajo de la cintura hasta las inglesSlip
62%
IImposibilidad del hombre para realizar el acto sexualImpotencia
58%
Contiene la ÑQue tiene porquería y suciedad pegada fuertementeRoñoso
56%
UAcondicionar un terreno dotándolo de luz, calles, alcantarillado y otros serviciosUrbanizar
56%
BCilindro de hilo arrollado en torno a un canuto de cartón u otra materiaBobina
55%
LGénero literario, generalmente en verso, que trata de comunicar los sentimientos o emociones íntimas del autorLírica
53%
HDoctrina filosófica que considera el placer como fin supremo de la vidaHedonismo
51%
Contiene la XRuptura violenta y estruendosa de algo, provocada por un incremento brusco de la presión interiorExplosión
47%
Contiene la YConejillo de indiasCobaya
42%
ZPrimera persona del plural del condicional simple de indicativo del verbo zozobrarZozobraríamos
38%
REspacio, generalmente cerrado, comprendido dentro de ciertos límitesRecinto
33%
Contiene la QAcción y efecto de entrar en una plaza o lugar robando cuanto se hallaSaqueo
31%
FFragmento largo y estrecho de una cosaFranja
22%
PPersona que se dedica a hacer juegos de manos y otros trucos para entretener al públicoPrestidigitador
16%
ESe dice del lenguaje sin rodeos o sin palabras innecesariasEscueto
13%
NLuna nuevaNovilunio
9%
JColoquialmente, furgón de la Policía mexicana, usado para transportar detenidosJulia
7%
ORío de Asia que nace en el Líbano y desemboca en el Mediterráneo tras atravesar la ciudad turca de AntioquíaOrontes
5%
DApellido del compositor autor de la opereta 'Manina', estrenada en 1942Dostal
4%
TPiojillo de las aves, especialmente de la gallinaTotolate
2%

Distribución de puntuación

Porcentaje por número respondido

Porcentaje de gente con cada puntuación

Historial de tus puntuaciones

No has intentado esta prueba.